000 00277nam a2200109Ia 4500
001 1275887
005 20260417160436.0
008 260417s9999 xx 000 0 und d
020 _a9786258094251
245 0 _aÇocukların Rüyaları
_cSonja Danowski
260 _bKetebe Çocuk
999 _c1275887
_d1275887